| 000 | 00624nam a2200205Ia 4500 | ||
|---|---|---|---|
| 001 | 9897 | ||
| 003 | GE_BSU | ||
| 008 | 181216s||||||||xx |||||||||||||| ||und|| | ||
| 040 | _cGE_BSU | ||
| 245 | _aВопросы Психологии №2.март.апрель 2014. | ||
| 245 | _bНаучный журнал | ||
| 245 | _cГл. ред,Е,В,Щедрина | ||
| 260 | _aМосква | ||
| 260 | _bооо вопросы Психологии | ||
| 300 | _a176cтр24см | ||
| 653 | _aВопросы Психологии | ||
| 653 | _aНаучный журнал | ||
| 653 | _aპერიოდიკა | ||
| 942 | _cCR | ||
| 999 |
_c43175 _d43175 |
||